REPORTS OF COMPANY CASES INCLUDING CASES OF BANKING AND INSURENCE [VOL-90] (Record no. 7606)

MARC details
000 -LEADER
fixed length control field 00418nam a22001457a 4500
005 - DATE AND TIME OF LATEST TRANSACTION
control field 20210315153001.0
008 - FIXED-LENGTH DATA ELEMENTS--GENERAL INFORMATION
fixed length control field 210315b ||||| |||| 00| 0 eng d
082 ## - DEWEY DECIMAL CLASSIFICATION NUMBER
Classification number 346.066
100 ## - MAIN ENTRY--AUTHOR NAME
Personal name AIYAR, A.N.
245 ## - TITLE STATEMENT
Title REPORTS OF COMPANY CASES INCLUDING CASES OF BANKING AND INSURENCE [VOL-90]
260 ## - PUBLICATION, DISTRIBUTION, ETC. (IMPRINT)
Place of publication MADRAS
Name of publisher COMPANY LAW INSTITUTE OF INDIA
Year of publication 1997
300 ## - PHYSICAL DESCRIPTION
Number of Pages 588;xxiv,p
650 ## - SUBJECT ADDED ENTRY--TOPICAL TERM
Topical Term LAW
942 ## - ADDED ENTRY ELEMENTS (KOHA)
Koha item type Journals/Serial
Holdings
Lost status Damaged status Collection code Home library Current library Shelving location Date acquired Source of acquisition Full call number Accession Number Koha item type
    LAW JRU Library JRU Library SHELF-34-E 15/03/2021 PURCHES 346.066 25254 Journals/Serial